00325nam a2200109Ia 4500008004100000020005500041040000800096082001400104245003600118260000900154264005200163231129s1998||||xx |||||||||||||| ||spa|| a84-8265-082-3  bspa a863 L431l 0aLos lazarillos en la literatura c1998 aMadrid España : Clib Internacional del Libro